000 01406cam a22003737a 4500
003 CHAP
005 20220329140444.0
008 971013c19671952 r 00010 d
010 _a52217
011 _a53189
035 _a57339
040 _cCHAP
082 _a574
_bW6Y
100 0 0 _aWoltereck, Heinz.
_9122479
245 1 3 _aLa vida inverosimil
_b: introducción a la biología actual
260 _aMéxico, D.F. :
_bFondo de Cultura Económica,
_c1967(c.1952)
300 _a385 p.
_b; láms.
490 0 _aBreviarios
_v; 69
590 _aBATCH-UPD
_b10
_c20130110
_lUCH01
_h0429
590 _aBATCH-UPD
_b10
_c20130410
_lUCH01
_h0104
590 _aBATCH-UPD
_b10
_c20130914
_lUCH01
_h0634
590 _aCONVERSION
_b10
_c20130109
_lUCH01
_h1328
650 1 4 _aBiología.
_912773
830 0 _aBreviarios
_v; 69
_915273
901 _aBK
942 _cLIBRO
949 _a574 W6Y
_bBC
_cLIBRO
_d-124813
_eLIBRO
_fc.12
_h64236
_i57339
_si
949 _a574 W6Y
_bBC
_cLIBRO
_d33724000458840
_eLIBRO
_fc.15
_h74481
_i57339
_si
949 _a574 W6Y
_bBC
_cLIBRO
_d33724000458857
_eLIBRO
_fc.2
_h37211
_i57339
_si
949 _a574 W6Y
_bBC
_cLIBRO
_d33724000458865
_eLIBRO
_h37210
_i57339
_si
949 _a574 W6Y
_bBC
_cLIBRO
_d33724000458873
_eLIBRO
_fc.13
_h68077
_i57339
_sb
949 _a574 W6Y
_bBC
_cLIBRO
_d33724000458881
_eLIBRO
_fc.14
_h68078
_i57339
_si
949 _a574 W6Y
_bBC
_cLIBRO
_d33724000458899
_eLIBRO
_fc.11
_h64235
_i57339
_si
999 _c52217
_d52217